| 000 | 01683nam0a22003491 4500 | ||
|---|---|---|---|
| 001 | rc\423213 | ||
| 005 | 20260408185800.0 | ||
| 010 |
_d30 к. _9299 |
||
| 021 |
_aRU _b88-22348 |
||
| 035 | _a(NLR Aleph) 005670602 | ||
| 090 |
_a6970262 _c6970262 |
||
| 100 | _a20030616d1987 |||y0rusy50 ca | ||
| 101 | 0 | _arus | |
| 102 | _aRU | ||
| 105 | _ay z|||||||| | ||
| 200 | 1 |
_aДиалектная лексика тюркских языков Сибири _eсборник научных трудов _fАН СССР, Сиб. отд-ние, Ин-т истории, филологии и философии _g[редкол.: Е.И. Убрятова (отв. ред.) и др.] |
|
| 210 |
_aНовосибирск _cб.и. _d1987 |
||
| 215 |
_a190 с. _d20 |
||
| 320 | _aБиблиогр. в примеч. в конце статей | ||
| 606 | 1 |
_aЯзыки народов Сибири _jСборники _xДиалектология _92000391 _3RU\NLR\AUTH\661204326 |
|
| 606 | 1 |
_aТюркские языки _jСборники _xЛексикология диалектная _91816636 _3RU\NLR\AUTH\661112799 |
|
| 606 |
_aЯзыки народов Сибири _xЛексикология _jСборники _3RU\NLR\AUTH\661204355 _92000447 |
||
| 686 | 0 |
_aШ12(251)я43 _2rubbk |
|
| 686 | 0 |
_aШ163я43 _2rubbk |
|
| 702 | 1 |
_aУбрятова _bЕ. И. _gЕлизавета Ивановна _4340 |
|
| 712 | 0 | 2 |
_4650 _aИнститут истории, филологии и философии _cНовосибирск _3RU\NLR\AUTH\889067 _9290647 |
| 801 | 0 |
_aRU _bNLR _gpsbo |
|
| 801 | 1 |
_aRU _bELAR _2rusmarc |
|
| 801 | 2 |
_aRU _bNLR _c20180416 _2rusmarc |
|
| 852 |
_aNLR _j88-3/5052 |
||
| 942 | _cBOOK | ||
| 980 | _aNB | ||